Từ làng Sen đến bến Nhà Rồng

Sách viíet về thời niên thiếu của Hồ Chí Minh khi chuẩn bị ra đi tìm đường cứu nước cũng như những tình cảm của Bác đối với đồng bào và chiến sĩ miền Nam và ngược lại tình cảm của đồng bào và chiến sĩ miền Nam đối với Bác...

全面介紹

Đã lưu trong:
書目詳細資料
主要作者: Trình Quang Phú
格式: 圖書
語言:Undetermined
出版: Hà Nội Văn Học 1998
主題:
標簽: 添加標簽
沒有標簽, 成為第一個標記此記錄!
Thư viện lưu trữ: Trung tâm Học liệu Trường Đại học Cần Thơ
LEADER 00889nam a2200181Ia 4500
001 CTU_27369
008 210402s9999 xx 000 0 und d
082 |a 321.092 
082 |b Ph500 
100 |a Trình Quang Phú 
245 0 |a Từ làng Sen đến bến Nhà Rồng 
245 0 |c Trình Quang Phú 
260 |a Hà Nội 
260 |b Văn Học 
260 |c 1998 
520 |a Sách viíet về thời niên thiếu của Hồ Chí Minh khi chuẩn bị ra đi tìm đường cứu nước cũng như những tình cảm của Bác đối với đồng bào và chiến sĩ miền Nam và ngược lại tình cảm của đồng bào và chiến sĩ miền Nam đối với Bác 
650 |a communists - biography,ho chi minh - biography 
980 |a Trung tâm Học liệu Trường Đại học Cần Thơ